| 000 | 00556nam a22001817a 4500 | ||
|---|---|---|---|
| 008 | 160510b xxu||||| |||| 00| 0 eng d | ||
| 020 | _a9966882730 | ||
| 037 | _bMksu | ||
| 041 | _gKiswahili | ||
| 050 |
_aPL 8701 _b.W34 2003 |
||
| 100 |
_aWamitila, K. W. _d2003 |
||
| 245 |
_aKichocheo cha fasihi : _bSimulizi na andishi/ _cWamitilia, K.W. |
||
| 260 |
_aFocus : _bKenya, _c2003. |
||
| 300 |
_ax, 264p. : _b ill. ; _c21cm |
||
| 500 | _aIncludes index | ||
| 650 |
_aFasihi _xKiswahili |
||
| 942 |
_2lcc _cSH_L_BOOKS _hPL 8701 .W34 2003 _0126 |
||
| 999 |
_c11137 _d11137 |
||